Skoki Narciarskie - Zdobywcy Podium z Norwegii (2010-2019) - Statystyki

Ogólne statystyki
  • Ten quiz został rozwiązany 70 razy
  • Średni wynik to 9 z 13
Statystyki odpowiedzi
Liczba podiów Lata aktywności Skoczek % Poprawnych
15 2014- Johann Andre Forfang
97%
9 2013-2025 Robert Johansson
93%
28 2001-2015 Anders Bardal
92%
20 2014-2024 Daniel-Andre Tande
89%
12 2009-2023 Anders Fannemel
79%
1 2015- Marius Lindvik
77%
9 2006-2015 Anders Jacobsen
74%
8 2009-2019 Andreas Stjernen
72%
6 2010-2016 Rune Velta
64%
9 2008-2016 Kenneth Gangnes
62%
7 2006-2018 Tom Hilde
62%
4 2008-2012 Johan Remen Evensen
44%
1 2014-2017 Joachim Hauer
20%
Nie znaleziono quizów pasujących do podanych kryteriów
Rozkład punktacji
Procent ludzi z każdym wynikiem
Percentyl według liczby udzielonych odpowiedzi
Twoja historia wyników
Nie rozwiązałeś tego quizu